| 000 | 00000nam##2200000za#4500 |
| 001 | 9.588020 |
| 003 | CaOODSP |
| 005 | 20210624194922 |
| 007 | cr ||||||||||| |
| 008 | 150406|2007||||xxc|||||o f|0| 0 fre|d |
| 022 | |a1701-1280 |
| 040 | |aCaOODSP|bfre |
| 041 | |aeng |
| 041 | |afre |
| 043 | |an-cn--- |
| 086 | 1 |aFs70-4/2006-036-PDF |
| 110 | 1 |aCanada. |bMinistère des pêches et des océans. |
| 245 | 10|aCompte rendu de la réunion des experts sur les risques potentiels liés à la transmission horizontale de gènes de nouveaux organismes aquatiques : |h[ressource électronique]|b11 janvier 2006, West Vancouver, Colombie-Britannique / |cJake Rice et Morven McLean, coprésidents ; Janet Beardall et Muffy Koch, éditeurs. |
| 260 | |aOttawa - Ontario : |bPêches et Océans Canada |cFévrier 2007. |
| 300 | |a58p. |
| 490 | 1 |aSecrétariat canadien de consultation scientifique, série des comptes rendus|x1701-1280|v2006/036 |
| 500 | |aComprend le document de discussion examiné par le groupe. |
| 546 | |aBilingue. Document de discussion en anglais seulement. |
| 590 | |a11-31-Supp|b2011-12-13 |
| 720 | 1 |aRice, Jake |
| 720 | 1 |aMcLean, Morven |
| 720 | 1 |aBeardall, Janet |
| 720 | 1 |aKoch, Muffy |
| 791 | |tProceedings of the expert panel meeting on the potential risks associated with horizontal gene transfer from novel aquatic organisms : |eeng|w(CaOODSP)9.588019 |
| 830 | #0|aCompte rendu (Secrétariat canadien de consultation scientifique)|x1701-1280|v2006/036|w(CaOODSP)9.500508 |
| 856 | 40|ahttp://publications.gc.ca|qPDF|s637 Ko|uhttps://publications.gc.ca/collections/collection_2011/mpo-dfo/Fs70-4-2006-036.pdf|y2006/036 |